| 000 | 01520 a2200253 4500 | ||
|---|---|---|---|
| 003 | Nust | ||
| 005 | 20170207154047.0 | ||
| 010 | _a 2008037343 | ||
| 020 | _a0470179996 (cloth) | ||
| 020 | _a9780470179994 (cloth) | ||
| 035 | _a(OCoLC)243547671 | ||
| 035 | _a(OCoLC)ocn243547671 | ||
| 040 | _cNust | ||
| 082 | 0 | 0 | _a332.024 |
| 100 | 1 | _aBiegelman, Martin T. | |
| 245 | 1 | 0 |
_aIdentity theft handbook -(E-BOOK) _cMartin T. Biegelman. |
| 260 |
_aHoboken, N.J. : _bWiley, _cc2009. |
||
| 300 |
_axxiv, 349 p. ; _c26 cm. |
||
| 505 | _aThe Identity Theft Explosion (Page-1) Game Of The Name: How It All Began (Page-13) How Identity Theft Occurs(Page-27) Student Loan Fraud And The Theft Of Identity (Page-45) Nigerian Criminal Enterprises (Page-57)Methamphetamine, The Mails, And Check Washing (Page-73) The Violent Side Of Identity Theft (Page-85) Medical Identity Theft (Page-97) Legislation And Criminal Statutes (Page-129) Law Enforcement Efforts (Page-151) Victims And Victimization(Page-177) The Rich, The Famous, And The Dead Get No Peace (Page-205) Identity Theft Goes Global (Page-221) Privacy And Data Breaches(Page-239) Identity Theft Research (Page-263) The Center For Identity Management (Page-277) Preventing Identity Theft: 21 Rules You Must Use (Page-295) Future Of Identity Theft (Page-313 | ||
| 650 | 0 |
_aIdentity theft _zUnited States _xPrevention. |
|
| 650 | 0 |
_aIdentity theft _zUnited States. |
|
| 651 | _aE-BOOK | ||
| 856 | 4 | 1 |
_3Table of contents only _uhttp://www.loc.gov/catdir/toc/ecip0826/2008037343.html |
| 942 |
_2ddc _cBK |
||
| 999 |
_c192927 _d192927 |
||